[Event "HUN-chT2 Breyer 2324"]
[Site "Hungary"]
[Date "2023.10.08"]
[Round "1.6"]
[White "Szanto, Levente"]
[Black "Medve, Mark"]
[Result "0-1"]
[WhiteElo "1948"]
[BlackElo "2082"]
[PlyCount "86"]
[EventDate "2023.10.08"]
[EventType "team-tourn"]
[EventRounds "9"]
[EventCountry "HUN"]
[SourceTitle "EXT 2025"]
[Source "ChessBase"]
[SourceDate "2024.10.14"]
[SourceVersion "1"]
[SourceVersionDate "2024.10.14"]
[SourceQuality "1"]
[WhiteTeam "Tatabanya Turul"]
[BlackTeam "Barcza BEAC"]
[WhiteTeamCountry "HUN"]
[BlackTeamCountry "HUN"]

1. e4 e5 2. Nf3 Nc6 3. d4 exd4 4. Nxd4 Nf6 5. Nc3 Bb4 6. Nxc6 bxc6 7. Bd2 0-0 8. Bd3 Re8 9. f3 d5 10. 0-0 dxe4 11. Nxe4 Nxe4 12. fxe4 Qd4+ 13. Kh1 Bxd2 14. Qxd2 Qxb2 15. Qf4 Re7 16. Qh4 Qe5 17. Rab1 Re8 18. Rf3 Be6 19. Rbf1 Rab8 20. h3 Rb2 21. Qf2 f6 22. Qxa7 Rxa2 23. Qe3 Rb8 24. Qf4 c5 25. Qxe5 fxe5 26. c4 Rd2 27. R1f2 Rxf2 28. Rxf2 Rd8 29. Bf1 Rd4 30. Rc2 Rxe4 31. Kg1 Rd4 32. Kf2 Kf7 33. Ke3 Ke7 34. Bd3 Rxd3+ 35. Kxd3 Bf5+ 36. Kd2 Bxc2 37. Kxc2 Ke6 38. Kd3 Kf5 39. Ke3 e4 40. g3 Ke5 41. g4 g5 42. Kf2 Kd4 43. Kg3 Kd3 0-1

[Event "HUN-chT2 Breyer 2122"]
[Site "Hungary"]
[Date "2022.02.27"]
[Round "7.6"]
[White "Medve, Mark"]
[Black "Papagorasz, Takisz"]
[Result "1/2-1/2"]
[WhiteElo "2040"]
[BlackElo "2107"]
[PlyCount "39"]
[EventDate "2021.10.10"]
[EventType "team-tourn"]
[EventRounds "9"]
[EventCountry "HUN"]
[SourceTitle "EXT 2025"]
[Source "ChessBase"]
[SourceDate "2024.10.14"]
[SourceVersion "1"]
[SourceVersionDate "2024.10.14"]
[SourceQuality "1"]
[WhiteTeam "Barcza BEAC"]
[BlackTeam "Fehervar"]
[WhiteTeamCountry "HUN"]
[BlackTeamCountry "HUN"]

1. d4 Nf6 2. c4 e6 3. Nf3 b6 4. Nc3 Bb4 5. Bg5 h6 6. Bxf6 Qxf6 7. e3 Bb7 8. Bd3 c5 9. 0-0 Bxc3 10. bxc3 0-0 11. e4 d6 12. Qe2 Nd7 13. Rae1 cxd4 14. cxd4 e5 15. d5 Nc5 16. Nd2 Rac8 17. Kh1 Ba6 18. g3 Rc7 19. Qe3 Rfc8 20. Be2 1/2-1/2

[Event "HUN-chT2 Breyer 2122"]
[Site "Hungary"]
[Date "2022.02.13"]
[Round "6.5"]
[White "Medve, Mark"]
[Black "Meszaros, Vilmos"]
[Result "1-0"]
[WhiteElo "2040"]
[BlackElo "1790"]
[PlyCount "67"]
[EventDate "2021.10.10"]
[EventType "team-tourn"]
[EventRounds "9"]
[EventCountry "HUN"]
[SourceTitle "EXT 2025"]
[Source "ChessBase"]
[SourceDate "2024.10.14"]
[SourceVersion "1"]
[SourceVersionDate "2024.10.14"]
[SourceQuality "1"]
[WhiteTeam "Barcza BEAC"]
[BlackTeam "Nyergesujfalu"]
[WhiteTeamCountry "HUN"]
[BlackTeamCountry "HUN"]

1. d4 Nf6 2. c4 c5 3. d5 d6 4. Nc3 g6 5. e4 Bg7 6. h3 e5 7. Nf3 Bd7 8. Bg5 Na6 9. a4 h6 10. Be3 Nc7 11. Bd3 a6 12. a5 Nh5 13. 0-0 Nf4 14. Bxf4 exf4 15. e5 dxe5 16. Re1 0-0 17. Nxe5 Bxe5 18. Rxe5 Qf6 19. Re1 Rfe8 20. Qf3 Rxe1+ 21. Rxe1 Re8 22. Re4 Rxe4 23. Nxe4 Qxb2 24. Nxc5 Qc1+ 25. Kh2 Bc8 26. d6 Ne6 27. d7 Bxd7 28. Nxd7 Ng5 29. Qe2 f3 30. Qe8+ Kh7 31. Qe5 h5 32. Nf6+ Kh6 33. h4 Ne6 34. Nxh5 1-0

[Event "HUN-chT 1516"]
[Site "Hungary"]
[Date "2016.02.28"]
[Round "5.11"]
[White "Medve, Mark"]
[Black "Nadj Hedjesi, Balind"]
[Result "0-1"]
[WhiteElo "2031"]
[BlackElo "2400"]
[PlyCount "62"]
[EventDate "2015.11.07"]
[EventType "team-tourn"]
[EventRounds "11"]
[EventCountry "HUN"]
[SourceTitle "CBM 171 Extra"]
[Source "ChessBase"]
[SourceDate "2016.04.26"]
[SourceVersion "1"]
[SourceVersionDate "2016.04.26"]
[SourceQuality "1"]
[WhiteTeam "Penzugyor"]
[BlackTeam "Mako"]
[WhiteTeamCountry "HUN"]
[BlackTeamCountry "HUN"]

1. d4 Nf6 2. c4 Nc6 3. d5 Ne5 4. e4 e6 5. Qd4 Bb4+ 6. Bd2 Bxd2+ 7. Nxd2 d6 8. f4 c5 9. Qc3 Ng6 10. g3 exd5 11. cxd5 0-0 12. Bg2 Re8 13. 0-0-0 b5 14. h4 h5 15. Kb1 Bg4 16. Bf3 a5 17. Bxg4 Nxg4 18. Nh3 Qb6 19. Rhf1 c4 20. Rde1 Rac8 21. Nf3 b4 22. Qd4 Qb5 23. Nf2 c3 24. b3 a4 25. Nxg4 hxg4 26. h5 axb3 27. hxg6 bxa2+ 28. Ka1 gxf3 29. gxf7+ Kxf7 30. e5 b3 31. e6+ Kg8 0-1

[Event "HUN-chT2 Maroczy 1516"]
[Site "Hungary"]
[Date "2016.02.14"]
[Round "5.7"]
[White "Medve, Mark"]
[Black "Somogyi, Istvan"]
[Result "1/2-1/2"]
[WhiteElo "2041"]
[BlackElo "2165"]
[PlyCount "75"]
[EventDate "2015.10.18"]
[EventType "team-tourn"]
[EventRounds "9"]
[EventCountry "HUN"]
[SourceTitle "EXT 2017"]
[Source "ChessBase"]
[SourceDate "2016.10.25"]
[SourceVersion "1"]
[SourceVersionDate "2016.10.25"]
[SourceQuality "1"]
[WhiteTeam "Penzugyor"]
[BlackTeam "MLTC"]
[WhiteTeamCountry "HUN"]
[BlackTeamCountry "HUN"]

1. d4 Nf6 2. c4 e6 3. g3 Be7 4. Bg2 0-0 5. Nf3 d5 6. 0-0 c5 7. cxd5 Nxd5 8. Qc2 Na6 9. Rd1 Bd7 10. dxc5 Nxc5 11. Ne5 Qc8 12. Nxd7 Nxd7 13. Qxc8 Raxc8 14. Bxd5 exd5 15. Nc3 Nb6 16. Be3 Bc5 17. Nxd5 Nxd5 18. Rxd5 Bxe3 19. fxe3 Rc2 20. Rb5 Rxe2 21. Rxb7 Rc8 22. Rf1 f6 23. Rf2 Rcc2 24. Rxe2 Rxe2 25. Rxa7 Rxb2 26. a4 Kf8 27. a5 Re2 28. a6 Ra2 29. Kf1 h5 30. Ke1 Kg8 31. Kd1 Rxh2 32. Rb7 Ra2 33. a7 Kh7 34. Kc1 Kh6 35. Kb1 Ra6 36. Kb2 g5 37. Kc3 h4 38. gxh4 1/2-1/2

[Event "HUN-chT U18"]
[Site "Budapest"]
[Date "2015.08.29"]
[Round "7.21"]
[White "Medve, Mark"]
[Black "Czupor, Attila"]
[Result "1-0"]
[WhiteElo "2088"]
[BlackElo "2125"]
[PlyCount "69"]
[EventDate "2015.08.26"]
[EventType "team-swiss"]
[EventRounds "8"]
[EventCountry "HUN"]
[SourceTitle "EXT 2016"]
[Source "ChessBase"]
[SourceDate "2015.10.08"]
[SourceVersion "1"]
[SourceVersionDate "2015.10.08"]
[SourceQuality "1"]

1. d4 d5 2. c4 c6 3. Nf3 Nf6 4. Nc3 e6 5. Bg5 Nbd7 6. e3 Qa5 7. Nd2 Bb4 8. Qc2 0-0 9. Be2 c5 10. 0-0 cxd4 11. exd4 dxc4 12. Bxf6 Nxf6 13. Nxc4 Qc7 14. Rac1 Rd8 15. Rfd1 b6 16. Nb5 Qf4 17. Bf3 Nd5 18. a3 Bf8 19. Ne5 Bb7 20. Qb3 Qg5 21. Rc2 a6 22. Nc7 Rac8 23. Nxd5 Rxc2 24. Qxc2 Bxd5 25. Qc7 Be7 26. Qxb6 Rd6 27. Qb8+ Rd8 28. Qa7 Bb3 29. Rf1 Rf8 30. Qxa6 f6 31. Nc4 Qf5 32. Ne3 Qf4 33. Qb7 Bd6 34. g3 Qxd4 35. Qxb3 1-0

[Event "HUN-chT2 Maroczy 1415"]
[Site "Hungary"]
[Date "2014.11.30"]
[Round "3"]
[White "Marjanovic, Annamaria"]
[Black "Medve, Mark"]
[Result "1-0"]
[WhiteElo "2175"]
[BlackElo "2110"]
[PlyCount "47"]
[EventDate "2014.10.12"]
[EventType "team-tourn"]
[EventRounds "9"]
[EventCountry "HUN"]
[SourceTitle "EXT 2016"]
[Source "ChessBase"]
[SourceDate "2015.10.08"]
[SourceVersion "1"]
[SourceVersionDate "2015.10.08"]
[SourceQuality "1"]
[WhiteTeam "Kobanya Aquarena"]
[BlackTeam "Penzugyor II"]
[WhiteTeamCountry "HUN"]
[BlackTeamCountry "HUN"]

1. e4 c5 2. Nf3 d6 3. d4 cxd4 4. Nxd4 Nf6 5. Nc3 a6 6. Bg5 e6 7. Qf3 Nbd7 8. 0-0-0 Qc7 9. Qg3 h6 10. Bxf6 Nxf6 11. f4 g5 12. e5 dxe5 13. fxe5 Nd7 14. Be2 Qxe5 15. Qh3 Bg7 16. Nxe6 fxe6 17. Bh5+ Ke7 18. Rhe1 Qf4+ 19. Kb1 Ne5 20. Ne4 Nc4 21. Qb3 b5 22. Qb4+ Nd6 23. Rxd6 a5 24. Qc5 1-0

[Event "Budapest Karacsonyi op 5th"]
[Site "Budapest"]
[Date "2013.12.30"]
[Round "7"]
[White "Medve, Mark"]
[Black "Nemeth, Miklos"]
[Result "1/2-1/2"]
[WhiteElo "2050"]
[BlackElo "2082"]
[PlyCount "47"]
[EventDate "2013.12.27"]
[EventType "swiss"]
[EventRounds "7"]
[EventCountry "HUN"]
[SourceTitle "CBM 158 Extra"]
[Source "ChessBase"]
[SourceDate "2014.02.28"]
[SourceVersion "1"]
[SourceVersionDate "2014.02.28"]
[SourceQuality "1"]

1. d4 Nf6 2. c4 e6 3. Nf3 Bb4+ 4. Nbd2 0-0 5. a3 Be7 6. g3 d5 7. Bg2 Ne4 8. 0-0 f5 9. Qc2 c6 10. b3 Nd7 11. Bb2 Ndf6 12. Ne5 Bd7 13. Ndf3 b6 14. Nd3 Rc8 15. Nfe5 Ng5 16. Rad1 Nf7 17. Nxf7 Rxf7 18. Ne5 Rf8 19. e3 Qe8 20. Qe2 Rc7 21. Rc1 Qb8 22. cxd5 exd5 23. Nxd7 Nxd7 24. Rxc6 1/2-1/2

[Event "HUN-chT2 Charousek 1314"]
[Site "Hungary"]
[Date "2013.11.03"]
[Round "4"]
[White "Medve, Mark"]
[Black "Tomasic, Roland"]
[Result "1/2-1/2"]
[WhiteElo "2071"]
[BlackElo "2070"]
[PlyCount "81"]
[EventDate "2013.09.08"]
[EventType "team-tourn"]
[EventRounds "11"]
[EventCountry "HUN"]
[SourceTitle "EXT 2016"]
[Source "ChessBase"]
[SourceDate "2015.10.08"]
[SourceVersion "1"]
[SourceVersionDate "2015.10.08"]
[SourceQuality "1"]
[WhiteTeam "Budapest EAC"]
[BlackTeam "Szombathely Haladas II"]
[WhiteTeamCountry "HUN"]
[BlackTeamCountry "HUN"]

1. d4 f5 2. c4 Nf6 3. g3 d6 4. Bg2 c6 5. Nh3 g6 6. 0-0 Bg7 7. d5 0-0 8. Nf4 Bd7 9. Nc3 Na6 10. Rb1 Ng4 11. Qd2 Nc7 12. b3 e5 13. dxe6 Nxe6 14. Nxe6 Bxe6 15. Bb2 Qc7 16. Rfd1 Rad8 17. Rbc1 Rfe8 18. e3 Bf7 19. Ne2 Bxb2 20. Qxb2 Qe7 21. Rd2 Rd7 22. Rcd1 Red8 23. Qd4 a6 24. Nc3 Nf6 25. Na4 d5 26. Nb6 Rd6 27. cxd5 cxd5 28. Rc2 Qe6 29. Na4 Ne4 30. Rdc1 Be8 31. Nc5 Nxc5 32. Rxc5 Bc6 33. R1c2 Re8 34. Rd2 Red8 35. Rc1 Qf6 36. Qxf6 Rxf6 37. Rcd1 Rfd6 38. Rd4 R6d7 39. f3 Kf7 40. e4 dxe4 41. Rxd7+ 1/2-1/2

[Event "HUN-chT2 Charousek 1314"]
[Site "Hungary"]
[Date "2013.09.22"]
[Round "2"]
[White "Buzas, Bertalan"]
[Black "Medve, Mark"]
[Result "1/2-1/2"]
[WhiteElo "1931"]
[BlackElo "2071"]
[PlyCount "46"]
[EventDate "2013.09.08"]
[EventType "team-tourn"]
[EventRounds "11"]
[EventCountry "HUN"]
[SourceTitle "EXT 2016"]
[Source "ChessBase"]
[SourceDate "2015.10.08"]
[SourceVersion "1"]
[SourceVersionDate "2015.10.08"]
[SourceQuality "1"]
[WhiteTeam "Tapolca"]
[BlackTeam "Budapest EAC"]
[WhiteTeamCountry "HUN"]
[BlackTeamCountry "HUN"]

1. e4 c5 2. Nf3 d6 3. d4 cxd4 4. Nxd4 Nf6 5. Nc3 a6 6. h3 b5 7. g4 Bb7 8. Bg2 e6 9. g5 Nfd7 10. 0-0 Be7 11. f4 b4 12. Nce2 Nc5 13. Ng3 g6 14. a3 bxa3 15. Rxa3 d5 16. Re3 h6 17. exd5 Bxd5 18. Bxd5 Qxd5 19. Re5 Qb7 20. Qg4 h5 21. Qf3 Qxf3 22. Nxf3 Nbd7 23. Re2 Nb7 1/2-1/2